[Event "Challenge"]
[Site "http://www.queenalice.com/game.php?id=117021"]
[Date "2006.10.14"]
[Round "-"]
[White "dany"]
[Black "Dudufadul"]
[Result "1-0"]
[WhiteElo "1122"]
[BlackElo "1270"]

1. e3 e5 2. Nc3 Bc5 3. Bb5 Nf6 4. d4 c6 5. Nf3 Bb4 6. a3 cxb5 7. axb4 exd4 8.
exd4 Qb6 9. O-O Ng4 10. Re1+ Kd8 11. h3 Nf6 12. Ra5 a6 13. Bf4 Nc6 14. Ra3 h6
15. Ne5 Nxe5 16. dxe5 Nh5 17. Be3 Qc6 18. Ne4 Qxe4 19. Rc3 Re8 20. Bb6+ Ke7 21.
Rxe4 d5 22. Qxd5 Rd8 23. Bxd8+ Kf8 24. g4 Be6 25. Qd6+ Ke8 26. Rc7 Rxd8 27. Qe7#
1-0

[Event "Challenge"]
[Site "http://www.queenalice.com/game.php?id=117022"]
[Date "2006.10.14"]
[Round "-"]
[White "mario"]
[Black "Dudufadul"]
[Result "1-0"]
[WhiteElo "1814"]
[BlackElo "1267"]

1. e4 e5 2. Bc4 Nf6 3. Nc3 Bc5 4. Qf3 d6 5. h3 O-O 6. d3 Na6 7. a3 c6 8. Nge2 b5
9. Ba2 Rb8 10. b4 Bd4 11. Rb1 d5 12. Bb2 Qb6 13. O-O Re8 14. g4 h5 15. g5 Nh7
16. exd5 f6 17. g6 Ng5 18. Qxh5 Bf5 19. d6+ Be6 20. Bc1 Bxa2 21. Bxg5 Bxb1 22.
Qh7+ Kf8 23. Qh8# 1-0

[Event "Challenge"]
[Site "http://www.queenalice.com/game.php?id=117023"]
[Date "2006.10.14"]
[Round "-"]
[White "Dudufadul"]
[Black "hugo10"]
[Result "0-1"]
[WhiteElo "1266"]
[BlackElo "1416"]

1. e4 e5 2. Nf3 Nc6 3. Bc4 Nb4 4. Nxe5 Bc5 5. Nxf7 Qf6 6. f3 Nh6 7. Nxh8 Ng4 8.
Qe2 Nxc2+ 9. Kd1 Nxa1 10. fxg4 a6 11. d3 b5 12. Rf1 Qd4 13. Bf7+ Ke7 14. Nc3 d6
15. Nd5+ Kd7 16. Be3 Qe5 17. h4 Bb7 18. Rf5 Qh2 19. d4 Ba7 20. Kd2 Rxh8 21. Qd1
g6 22. Rf6 c6 23. Nf4 c5 0-1

[Event "Challenge"]
[Site "http://www.queenalice.com/game.php?id=117503"]
[Date "2006.10.16"]
[Round "-"]
[White "juleba"]
[Black "Dudufadul"]
[Result "1-0"]
[WhiteElo "1430"]
[BlackElo "1270"]

1. e4 e5 2. Nf3 Nc6 3. b3 Nf6 4. Bb2 Bc5 5. Bxe5 Nxe5 6. Nxe5 Nxe4 7. Ng4 Qh4 8.
g3 Qg5 9. h4 Qh5 10. Qe2 d5 11. f3 f5 12. fxe4 fxg4 13. exd5+ Be7 14. Nc3 Bf5
15. Qe5 Qf7 16. Bc4 1-0

[Event "Challenge"]
[Site "http://www.queenalice.com/game.php?id=117504"]
[Date "2006.10.16"]
[Round "-"]
[White "federal"]
[Black "Dudufadul"]
[Result "1-0"]
[WhiteElo "1573"]
[BlackElo "1274"]

1. e3 f6 2. Bc4 e5 3. Qh5+ g6 4. Qh3 d6 5. g4 c5 6. Bxg8 Rxg8 7. Qxh7 Be6 8.
Qxb7 Nd7 9. b4 Nb6 10. bxc5 Bd5 11. Qh7 Bxh1 12. Qxg8 1-0

[Event "Challenge"]
[Site "http://www.queenalice.com/game.php?id=117505"]
[Date "2006.10.16"]
[Round "-"]
[White "gilou"]
[Black "Dudufadul"]
[Result "1-0"]
[WhiteElo "1510"]
[BlackElo "1281"]

1. e3 e5 2. Qf3 f6 3. b3 Bc5 4. Qd5 c6 5. Qxc5 Na6 6. Qd6 Nh6 7. Ba3 Nf7 8. Qd3
d6 9. Nc3 O-O 10. Qe4 Qa5 11. Bd3 Ng5 12. Qh4 Qxa3 13. Nf3 Qb2 14. Rb1 Qa3 15.
Nxg5 fxg5 16. Qxh7+ Kf7 17. Qg6+ Ke7 18. Qxg7+ Ke8 19. Bg6+ 1-0

[Event "Challenge"]
[Site "http://www.queenalice.com/game.php?id=117506"]
[Date "2006.10.16"]
[Round "-"]
[White "Dudufadul"]
[Black "doriam"]
[Result "0-1"]
[WhiteElo "1199"]
[BlackElo "1734"]

1. e4 d5 2. f3 d4 3. Bc4 e5 4. d3 a6 5. f4 Nc6 6. Qh5 g6 7. Qf3 Be6 8. fxe5 Bxc4
9. dxc4 Nxe5 10. Qb3 Qh4+ 11. Qg3 Qxe4+ 12. Ne2 Bd6 0-1

[Event "Challenge"]
[Site "http://www.queenalice.com/game.php?id=117507"]
[Date "2006.10.16"]
[Round "-"]
[White "Dudufadul"]
[Black "dany"]
[Result "1-0"]
[WhiteElo "1279"]
[BlackElo "1164"]

1. e4 c6 2. Qf3 e5 3. Bc4 Nf6 4. d3 d5 5. Bb3 Bg4 6. Qg3 Bb4+ 7. c3 Na6 8. cxb4
Nxb4 9. Na3 O-O 10. Bd2 d4 11. Bxb4 a6 12. Bxf8 Kxf8 13. f3 Bh5 14. Rc1 b5 15.
Qxe5 b4 16. Nc4 Rb8 17. g4 Bg6 18. Ne2 c5 19. Nd6 Qe7 20. Qxc5 Rc8 21. Qxc8+ Ne8
22. Nxe8 f6 23. Nc7+ Be8 24. Nxe8 1-0

[Event "Challenge"]
[Site "http://www.queenalice.com/game.php?id=121344"]
[Date "2006.10.25"]
[Round "-"]
[White "Dudufadul"]
[Black "FrEdd"]
[Result "0-1"]
[WhiteElo "1235"]
[BlackElo "1434"]

1. e4 e5 2. d4 d5 3. Nh3 b6 4. Qf3 Bb7 5. Ng5 Qe7 6. Nc3 Nd7 7. Nxd5 Bxd5 8.
exd5 f6 9. Ne4 Qb4+ 10. c3 Qa5 11. dxe5 Nxe5 12. Qe3 O-O-O 13. f4 Bc5 14. Qg3
Nd3+ 15. Bxd3 Rxd5 16. Qxg7 Rxd3 17. Qxh8 Rd8 18. b4 Qa4 0-1

[Event "Challenge"]
[Site "http://www.queenalice.com/game.php?id=121994"]
[Date "2006.10.26"]
[Round "-"]
[White "Dudufadul"]
[Black "captainslog"]
[Result "0-1"]
[WhiteElo "1217"]
[BlackElo "1370"]

1. e4 Nf6 2. d3 e5 3. Nc3 Bb4 4. a3 Bc5 5. Be3 Bxe3 6. fxe3 c6 7. d4 exd4 8.
exd4 d5 9. exd5 Qe7+ 10. Qe2 Qxe2+ 11. Bxe2 Bf5 12. dxc6 Nxc6 13. Nb5 O-O-O 14.
O-O-O a6 15. Nc3 Nxd4 16. Bd3 Bxd3 0-1

[Event "Challenge"]
[Site "http://www.queenalice.com/game.php?id=122894"]
[Date "2006.10.29"]
[Round "-"]
[White "Dudufadul"]
[Black "CampbellMarcel"]
[Result "0-1"]
[WhiteElo "1229"]
[BlackElo "1865"]

1. e4 e6 2. d3 c6 3. Nc3 b5 4. Qf3 Bb7 5. Nh3 Nf6 6. d4 Bb4 7. a3 Bxc3+ 8. bxc3
O-O 9. e5 Nd5 10. Bd3 g6 11. O-O Nxc3 12. Ng5 h5 13. Bd2 Nd5 14. a4 a6 15. axb5
axb5 0-1

[Event "Challenge"]
[Site "http://www.queenalice.com/game.php?id=122895"]
[Date "2006.10.29"]
[Round "-"]
[White "karamazowii"]
[Black "Dudufadul"]
[Result "1-0"]
[WhiteElo "1525"]
[BlackElo "1235"]

1. e4 e5 2. Nf3 Qf6 3. d4 d6 4. Bb5+ c6 5. Be2 exd4 6. Qxd4 Qxd4 7. Nxd4 c5 8.
Bb5+ Bd7 9. Bxd7+ Nxd7 10. Nf5 Ngf6 11. Nc3 g6 12. Ng3 O-O-O 13. O-O Ng4 14. Bg5
1-0

[Event "Challenge"]
[Site "http://www.queenalice.com/game.php?id=123072"]
[Date "2006.10.29"]
[Round "-"]
[White "Dudufadul"]
[Black "xmas"]
[Result "0-1"]
[WhiteElo "1221"]
[BlackElo "1532"]

1. e4 e5 2. d4 Nf6 3. Nc3 Bb4 4. Bd2 exd4 5. e5 Ng4 6. Nh3 Nxe5 7. Qe2 d6 8. f4
Bxc3 9. bxc3 Bg4 10. Qf2 dxc3 11. Bxc3 Bxh3 12. gxh3 Ned7 13. O-O-O O-O 14. Qg2
g6 0-1